000 00470nam a2200181Ia 4500
001 24490
005 20260414151047.0
008 260414t2010||||xx |||||||||||||| ||spa||
041 _aESP
082 _a345.7J
_bM44
100 _aMesias Montero, Federico
_eAUT
245 0 _aJurisprudencia civil y procesal civil de carácter constitucional
_b
260 _c2010
300 _a222 páginas :
_c24 cm.
650 _aDER
654 _aCDE
942 _cLIB
_dJUS
_fJUS
_2ddc
_n
999 _c24490
_d24490